Statistiken für Hauptstädte der Welt

Klicken Sie hier um das Quiz zu spielen!

Allgemein

  • Dieses Quiz wurde 43 mal gespielt
    (16 seit der letzten Aktualisierung)
  • Das Durchschnittsergebnis liegt bei 91 aus 195

Antwortstatistiken

LandHauptstadt% Korrekt
NiederlandeAmsterdam
85%
DeutschlandBerlin
85%
SchweizBern
85%
BelgienBrüssel
85%
AfghanistanKabul
85%
ÄgyptenKairo
85%
DänemarkKopenhagen
85%
PortugalLissabon
85%
Vereinigtes KönigreichLondon
85%
LuxemburgLuxemburg
85%
MexikoMexiko-Stadt
85%
RusslandMoskau
85%
NorwegenOslo
85%
LettlandRiga
85%
ItalienRom
85%
BulgarienSofia
85%
AlbanienTirana
85%
JapanTokio
85%
VatikanstadtVatikanstadt
85%
PolenWarschau
85%
ÖsterreichWien
85%
AlgerienAlgier
77%
AndorraAndorra la Vella
77%
RumänienBukarest
77%
IrlandDublin
77%
FinnlandHelsinki
77%
UkraineKiew
77%
SpanienMadrid
77%
KanadaOttawa
77%
FrankreichParis
77%
TschecheiPrag
77%
MarokkoRabat
77%
KroatienZagreb
77%
GriechenlandAthen
69%
AserbaidschanBaku
69%
ThailandBangkok
69%
SerbienBelgrad
69%
BrasilienBrasília
69%
SlowakeiBratislava
69%
UngarnBudapest
69%
KatarDoha
69%
KubaHavanna
69%
IsraelJerusalem
69%
PeruLIma
69%
SlowenienLjubljana
69%
BelarusMinsk
69%
MonacoMonaco
69%
IndienNeu-Delhi
69%
EcuadorQuito
69%
San MarinoSan Marino
69%
ChileSantiago
69%
Bosnien & HerzegowinaSarajevo
69%
SingapurSingapur
69%
SchwedenStockholm
69%
Vereinigte Staaten von AmerikaWashington D. C.
69%
Vereinigte Arabische EmirateAbu Dhabi
62%
TürkeiAnkara
62%
IrakBagdad
62%
LibanonBeirut
62%
KolumbienBogotá
62%
ArgentinienBuenos Aires
62%
AustralienCanberra
62%
SenegalDakar
62%
BangladeschDhaka
62%
SüdafrikaKapstadt
62%
JamaikaKingston
62%
St. Vincent und die GrenadinenKingstown
62%
MaledivenMalé
62%
PanamaPanama-Stadt
62%
ChinaPeking
62%
NordkoreaPjöngjang
62%
KosovoPristina
62%
IslandReykjavik
62%
Saudi- ArabienRiad
62%
EstlandTallinn
62%
IranTeheran
62%
TunesienTunis
62%
LiechtensteinVaduz
62%
NeuseelandWellington
62%
ParaguayAsunción
54%
MoldauChișinău
54%
Sierra LeoneFreetown
54%
GuyanaGeorgetown
54%
PakistanIslamabad
54%
IndonesienJakarta
54%
UruguayMontevideo
54%
BahamasNassau
54%
ZypernNikosia
54%
MontenegroPodgorica
54%
HaitiPort-au-Prince
54%
Costa RicaSan José
54%
El SalvadorSan Salvador
54%
SüdkoreaSeoul
54%
NordmazedonienSkopje
54%
MaltaValletta
54%
LitauenVilnius
54%
NigeriaAbuja
46%
SyrienDamaskus
46%
GuatemalaGuatemala-Stadt
46%
VietnamHanoi
46%
ArmenienJerewan
46%
NepalKathmandu
46%
MalaysiaKuala Lumpur
46%
AngolaLuanda
46%
PhillipinenManila
46%
KeniaNairobi
46%
Dominikanische RepublikSanto Domingo
46%
GeorgienTiflis
46%
MongoleiUlaanbaatar
46%
NamibiaWindhoek
46%
ÄthiopienAddis Abeba
38%
MadagaskarAntananarivo
38%
Guinea-BissauBissau
38%
OsttimorDili
38%
DschibutiDschibuti
38%
KuwaitKuwait
38%
OmanMaskat
38%
JemenSanaa
38%
São Tomé und PríncipeSão Tomé
38%
TaiwanTaipeh
38%
LibyenTripolis
38%
SeychellenVictoria
38%
GhanaAccra
31%
KasachstanAstana
31%
BelizeBelmopan
31%
BarbadosBridgetown
31%
VenezuelaCaracas
31%
BahrainManama
31%
SomaliaMogadischu
31%
SurinameParamaribo
31%
Trinidad und TobagoPort of Spain
31%
BeninPorto-Novo
31%
DominicaRoseau
31%
BolivienSucre
31%
UsbekistanTaschkent
31%
BhutanThimphu
31%
JordanienAmman
23%
SamoaApia
23%
MaliBamako
23%
St. Kitts und NevisBasseterre
23%
KirgistanBischkek
23%
KongoBrazzaville
23%
St. LuciaCastries
23%
Sri LankaColombo
23%
TansaniaDodoma
23%
SüdsudanJuba
23%
SudanKhartum
23%
RuandaKigali
23%
NicaraguaManagua
23%
MyanmarNaypyidaw
23%
Burkina FasoOuagadougou
23%
MauritiusPort Louis
23%
Papua-NeuguineaPort Moresby
23%
Antigua und BarbudaSaint John`s
23%
FidschiSuva
23%
ElfenbeinküsteYamoussoukro
23%
KamerunYaoundé
23%
TurkmenistanAşgabat
15%
EritreaAsmara
15%
BruneiBandar Seri Begawan
15%
GambiaBanjul
15%
GuineaConakry
15%
TadschikistanDuschanbe
15%
BotswanaGaborone
15%
BurundiGitega
15%
SimbabweHarare
15%
SalomonenHoniara
15%
UgandaKampala
15%
GabunLibreville
15%
TogoLomé
15%
SambiaLusaka
15%
MarshallinselnMajuro
15%
ÄquatorialguineaMalabo
15%
MosambikMaputo
15%
EswatiniMbabane
15%
PalauNgerulmud
15%
NigerNiamey
15%
MauretanienNouakchott
15%
MikronesienPalikir
15%
KambodschaPhnom Penh
15%
VanuatuPort Vila
15%
Kap VerdePraia
15%
KiribatiTarawa
15%
HondurasTegucigalpa
15%
NauruYaren
15%
Zentralafrikanische RepublikBangui
8%
TuvaluFunafuti
8%
MalawiLilongwe
8%
LesothoMaseru
8%
LiberiaMonrovia
8%
KomorenMoroni
8%
GrenadaSt. George´s
8%
LaosVientiane
8%
TschadN´Djamena
0%
TongaNuku´alofa
0%

Verteilung der Resultate

Perzentil nach korrekt beantworteten Fragen

Anzahl Personen mit jedem Resultat

Ihre Resultats-Entwicklung

Sie haben dieses Quiz seit der letzten Aktualisierung nicht gespielt